000 00447nam a2200157 i 4500
001 28487
003 ES-MaACL
005 20230906153849.0
007 t|
008 030117s1968 sp ||||1| spa d
100 1 _aBaeschlin, Alfredo.
_924602
245 1 3 _aLa arquitectura del caserío vasco /
_cAlfredo Baeschlin.
260 _aBilbao :
_bVillar,
_c1968.
300 _a300 p., 36 lám. :
_bil. ;
_c17 cm.
852 _aES-MaACL
_jC-35350
_bR.68115
999 _c28487
_d28487